Akseer-e-Hidayat Tarjuma-e-Kimiya-e-saadat / اکسیر ھدایت اردو ترجمہ کیمیاے سعادت (Urdu) / (Record no. 188182)

000 -LEADER
fixed length control field 00491 a2200157 4500
003 - CONTROL NUMBER IDENTIFIER
control field NUST
005 - DATE AND TIME OF LATEST TRANSACTION
control field 20230222122225.0
040 ## - CATALOGING SOURCE
Transcribing agency Nust
082 ## - DEWEY DECIMAL CLASSIFICATION NUMBER
Classification number 297.4,GHA
100 ## - MAIN ENTRY--PERSONAL NAME
Personal name Ghazali, Imam Muhammad
9 (RLIN) 109468
245 ## - TITLE STATEMENT
Title Akseer-e-Hidayat Tarjuma-e-Kimiya-e-saadat / اکسیر ھدایت اردو ترجمہ کیمیاے سعادت (Urdu) /
Statement of responsibility, etc. Imam muhammad Ghazali
260 ## - PUBLICATION, DISTRIBUTION, ETC.
Place of publication, distribution, etc. karachi
Name of publisher, distributor, etc. Darul ishat
300 ## - PHYSICAL DESCRIPTION
Extent 624 p.;
650 ## - SUBJECT ADDED ENTRY--TOPICAL TERM
Topical term or geographic name entry element Sufism - Islam
9 (RLIN) 37223
942 ## - ADDED ENTRY ELEMENTS (KOHA)
Source of classification or shelving scheme
Koha item type Book
Call number prefix 297.4,GHA
Holdings
Withdrawn status Lost status Source of classification or shelving scheme Damaged status Not for loan Permanent Location Current Location Shelving location Date acquired Full call number Barcode Date last seen Price effective from Koha item type Public note
          Military College of Signals (MCS) Military College of Signals (MCS) General Stacks 12/12/2016 297.4,GHA MCS31416 12/08/2016 12/12/2016 Book Almirah No.64, Shelf No.1
© 2023 Central Library, National University of Sciences and Technology. All Rights Reserved.